[Event "Sigeman & Co 12th"]
[Site "Malmo/Copenhagen"]
[Date "2004.05.01"]
[Round "2"]
[White "Carlsen, Magnus"]
[Black "Hansen, Curt"]
[Result "0-1"]
[WhiteElo "2552"]
[BlackElo "2635"]
[PlyCount "82"]
[EventDate "2004.04.30"]
[EventType "tourn"]
[EventRounds "9"]
[EventCountry "SWE"]
[EventCategory "13"]

1. e4 e6 2. d4 d5 3. e5 c5 4. c3 Nc6 5. Nf3 Bd7 6. Be2 Nge7 7. Na3 cxd4 8. cxd4
Nf5 9. Nc2 Qa5+ 10. Bd2 Qb6 11. Bc3 a5 12. O-O Be7 13. a4 O-O 14. Bb5 f6 15. g4
Nh6 16. exf6 Rxf6 17. Ne5 Nxe5 18. dxe5 Rg6 19. Bd4 Bc5 20. Bxd7 Bxd4 21. Nxd4
Rxg4+ 22. Qxg4 Nxg4 23. Bxe6+ Kh8 24. Rad1 Nxe5 25. Bxd5 Rf8 26. Ne6 Rf6 27.
Rc1 Nc6 28. b3 Ne7 29. Nc7 h6 30. Be4 Rf8 31. Nb5 Qe6 32. Rc4 Ng6 33. Nc7 Qg4+
34. Kh1 Qe2 35. Bg2 Rxf2 36. Rg1 Rxg2 37. Rxg2 Qf1+ 38. Rg1 Qf3+ 39. Rg2 Nf4
40. Rxf4 Qxf4 41. Rxg7 Qc1+ 0-1

[Event "Dubai op 6th"]
[Site "Dubai"]
[Date "2004.04.23"]
[Round "5"]
[White "Harikrishna, Penteala"]
[Black "Carlsen, Magnus"]
[Result "1/2-1/2"]
[WhiteElo "2599"]
[BlackElo "2552"]
[PlyCount "59"]
[EventDate "2004.04.19"]
[EventType "swiss"]
[EventRounds "9"]
[EventCountry "UAE"]

1. d4 d5 2. c4 c6 3. Nc3 Nf6 4. e3 a6 5. Nf3 b5 6. b3 Bg4 7. Be2 e6 8. h3 Bh5
9. O-O Nbd7 10. Bb2 Bd6 11. Ne5 Bxe2 12. Nxe2 dxc4 13. bxc4 c5 14. Nxd7 Qxd7
15. dxc5 Bxc5 16. Qxd7+ Kxd7 17. cxb5 axb5 18. Rfd1+ Ke7 19. Nd4 Bxd4 20. Bxd4
Rhc8 21. Rd2 g6 22. Rb2 Rcb8 23. f3 Nd7 24. e4 h5 25. Rd1 Rb7 26. Bc3 f6 27.
Rbd2 Ne5 28. Bb4+ Kf7 29. a3 g5 30. Kf2 1/2-1/2

[Event "Dubai op 6th"]
[Site "Dubai"]
[Date "2004.04.19"]
[Round "1"]
[White "Doostkam, Pooyan"]
[Black "Carlsen, Magnus"]
[Result "1/2-1/2"]
[WhiteElo "2226"]
[BlackElo "2552"]
[PlyCount "61"]
[EventDate "2004.04.19"]
[EventType "swiss"]
[EventRounds "9"]
[EventCountry "UAE"]

1. c4 g6 2. Nc3 Bg7 3. Nf3 Nf6 4. e4 O-O 5. d4 d6 6. Be2 e5 7. d5 Na6 8. Nd2
Bh6 9. h4 Nc5 10. Qc2 a5 11. h5 Bg5 12. Nf1 Bxc1 13. Rxc1 Nxh5 14. Bxh5 gxh5
15. Rxh5 Bg4 16. Rh2 Qg5 17. Ne3 f5 18. Kf1 Rf7 19. Kg1 Raf8 20. Nxf5 Bxf5 21.
exf5 Rxf5 22. Rf1 Qg6 23. Rh3 Kh8 24. Nd1 Qg7 25. Re1 Rg5 26. f3 Rg3 27. Rxg3
Qxg3 28. Re3 Rf4 29. Nf2 Rh4 30. Qf5 Rxc4 31. Qf8+ 1/2-1/2

[Event "Reykjavik Blitz"]
[Site "Reykjavik"]
[Date "2004.03.17"]
[Round "6"]
[White "Epishin, Vladimir"]
[Black "Carlsen, Magnus"]
[Result "1-0"]
[WhiteElo "2633"]
[BlackElo "2484"]
[PlyCount "67"]
[EventDate "2004.03.17"]
[EventType "tourn (blitz)"]
[EventRounds "15"]
[EventCountry "ISL"]
[EventCategory "15"]

1. d4 Nf6 2. c4 g6 3. Nc3 Bg7 4. e4 O-O 5. Nf3 c6 6. Bd3 d6 7. h3 e5 8. d5 Na6
9. Be3 Nc5 10. Bc2 cxd5 11. cxd5 Nh5 12. O-O Nf4 13. Ne2 Nxe2+ 14. Qxe2 b6 15.
b4 Ba6 16. b5 Bc8 17. Bxc5 bxc5 18. a4 Bh6 19. a5 Bd7 20. Rfb1 f5 21. Bd3 Rb8
22. Ra2 fxe4 23. Bxe4 Rf4 24. Nd2 Qg5 25. b6 axb6 26. axb6 Bxh3 27. b7 Rff8 28.
Nc4 Bg4 29. f3 Bd7 30. Nxd6 Qh4 31. Qf2 Qh5 32. Rba1 Qg5 33. Ra8 Qe7 34. Qxc5
1-0

[Event "Reykjavik Blitz"]
[Site "Reykjavik"]
[Date "2004.03.17"]
[Round "2"]
[White "Olafsson, Helgi"]
[Black "Carlsen, Magnus"]
[Result "1/2-1/2"]
[WhiteElo "2504"]
[BlackElo "2484"]
[PlyCount "33"]
[EventDate "2004.03.17"]
[EventType "tourn (blitz)"]
[EventRounds "15"]
[EventCountry "ISL"]
[EventCategory "15"]

1. d4 Nf6 2. c4 g6 3. Nc3 d5 4. Bg5 Bg7 5. Bxf6 Bxf6 6. cxd5 c6 7. dxc6 Nxc6 8.
e3 O-O 9. Nf3 e5 10. d5 Ne7 11. e4 Bg4 12. Be2 Qb6 13. Rb1 Nc8 14. O-O Nd6 15.
Na4 Qd8 16. b4 Rc8 17. Qd3 1/2-1/2

[Event "Reykjavik Blitz"]
[Site "Reykjavik"]
[Date "2004.03.17"]
[Round "5"]
[White "Carlsen, Magnus"]
[Black "Timman, Jan H"]
[Result "0-1"]
[WhiteElo "2484"]
[BlackElo "2578"]
[PlyCount "86"]
[EventDate "2004.03.17"]
[EventType "tourn (blitz)"]
[EventRounds "15"]
[EventCountry "ISL"]
[EventCategory "15"]

1. e4 e5 2. Nf3 Nc6 3. Bb5 a6 4. Ba4 d6 5. O-O Bd7 6. c4 Nf6 7. Nc3 Nd4 8.
Bxd7+ Nxd7 9. Nxd4 exd4 10. Ne2 Qf6 11. d3 g6 12. b4 Bg7 13. Bb2 c5 14. Qa4 Qe7
15. Nf4 O-O 16. Nd5 Qd8 17. bxc5 Nxc5 18. Qc2 b5 19. Ba3 Rc8 20. cxb5 axb5 21.
Rab1 Re8 22. Rfc1 Qa5 23. Bb4 Qa6 24. Qd2 Kh8 25. h4 f5 26. f3 fxe4 27. fxe4
Ne6 28. Rxc8 Rxc8 29. Rf1 Rf8 30. Rxf8+ Bxf8 31. Qf2 Qc8 32. Kh2 Qd8 33. g3 Bg7
34. Qf7 Nc5 35. Nf4 Be5 36. Bd2 Qg8 37. Qa7 Na4 38. Nd5 Nc3 39. Nf4 Qxa2 40.
Qb8+ Kg7 41. Qc7+ Kh6 42. Ne6+ Qxd2+ 43. Kh3 Ne2 0-1

[Event "Reykjavik Blitz"]
[Site "Reykjavik"]
[Date "2004.03.17"]
[Round "1"]
[White "Carlsen, Magnus"]
[Black "Nataf, Igor Alexandre"]
[Result "0-1"]
[WhiteElo "2484"]
[BlackElo "2569"]
[PlyCount "47"]
[EventDate "2004.03.17"]
[EventType "tourn (blitz)"]
[EventRounds "15"]
[EventCountry "ISL"]
[EventCategory "15"]

1. e4 c5 2. Nf3 Nc6 3. Nc3 e5 4. Bc4 Be7 5. d3 Nf6 6. Ng5 O-O 7. f4 d5 8. exd5
Nd4 9. O-O Bg4 10. Qe1 exf4 11. Bxf4 h6 12. d6 Bxd6 13. Bxd6 Qxd6 14. Nxf7 Rxf7
15. Ne4 Qc6 16. Nxf6+ gxf6 17. Bxf7+ Kxf7 18. Qh4 Rg8 19. Rf2 Bf3 20. Qh3 Bg4
21. Qe3 Qe6 22. Raf1 Rg6 23. c3 Nc6 24. g3 0-1

[Event "Reykjavik op 21st"]
[Site "Reykjavik"]
[Date "2004.03.16"]
[Round "9"]
[White "Bjornsson, Sigurbjorn"]
[Black "Carlsen, Magnus"]
[Result "1/2-1/2"]
[WhiteElo "2337"]
[BlackElo "2484"]
[PlyCount "86"]
[EventDate "2004.03.07"]
[EventType "swiss"]
[EventRounds "9"]
[EventCountry "ISL"]

1. e4 c5 2. c3 d5 3. exd5 Qxd5 4. d4 g6 5. Nf3 Bg7 6. Be3 cxd4 7. cxd4 Qa5+ 8.
Nc3 Nh6 9. Bc4 Nf5 10. O-O O-O 11. Qb3 Nc6 12. d5 Ne5 13. Nxe5 Bxe5 14. Ne4
Nxe3 15. fxe3 Qb6 16. d6 e6 17. Rad1 Bd7 18. Qxb6 axb6 19. Nf6+ Bxf6 20. Rxf6
Ra5 21. Bb3 Kg7 22. Rf4 Rc8 23. Rb4 Rb5 24. Rxb5 Bxb5 25. e4 Kf6 26. a4 Ba6 27.
Kf2 Ke5 28. Ke3 Rd8 29. d7 Kf6 30. Rd6 Ke7 31. e5 Rxd7 32. Rxd7+ Kxd7 33. Kd4
Bf1 34. g3 Ke7 35. Bd1 Bg2 36. h4 f5 37. b4 h6 38. b5 Bd5 39. Ke3 g5 40. h5 Kf7
41. Kd4 f4 42. gxf4 gxf4 43. Kd3 Ke7 1/2-1/2

[Event "Reykjavik op 21st"]
[Site "Reykjavik"]
[Date "2004.03.15"]
[Round "8"]
[White "Carlsen, Magnus"]
[Black "Stefansson, Hannes"]
[Result "0-1"]
[WhiteElo "2484"]
[BlackElo "2572"]
[PlyCount "158"]
[EventDate "2004.03.07"]
[EventType "swiss"]
[EventRounds "9"]
[EventCountry "ISL"]

1. d4 Nf6 2. Bg5 e6 3. e4 h6 4. Bxf6 Qxf6 5. Nc3 d6 6. Qd2 c6 7. f4 e5 8. dxe5
dxe5 9. f5 Bb4 10. O-O-O Nd7 11. Nf3 Qe7 12. g4 Nf6 13. Bd3 Bd7 14. h3 O-O-O
15. Kb1 Kb8 16. Rhe1 Bc8 17. a3 Ba5 18. b4 Bc7 19. Na4 g6 20. Qc3 gxf5 21. exf5
Rhe8 22. Nc5 Nd5 23. Qb3 Nf4 24. Bc4 Rxd1+ 25. Rxd1 Rf8 26. Qe3 h5 27. Ne4 f6
28. Nh4 Bb6 29. Qf3 hxg4 30. hxg4 Qg7 31. Ng3 Rh8 32. Rh1 Rh6 33. Rh2 Bg1 34.
Rh1 Bd4 35. Ne4 Qh8 36. Qg3 Nd5 37. Rh2 Ne3 38. Bd3 Qg8 39. Nf3 Rxh2 40. Qxh2
Nxg4 41. Qg3 Bb6 42. Nxf6 Nxf6 43. Qxe5+ Bc7 44. Qxf6 Qd5 45. Nd2 Be5 46. Qh4
Bxf5 47. Qc4 Qh1+ 48. Nf1 Bd7 49. Qe4 Qh5 50. Ne3 Qg5 51. Ka2 Bh8 52. Qh1 Qe5
53. Qc1 Bf6 54. Bc4 Bg5 55. Qd1 Kc7 56. Nf1 Bf6 57. Qc1 Qc3 58. Bb3 Bd4 59.
Qf4+ Be5 60. Qc1 Kc8 61. Bg8 Bg7 62. Bf7 Bf5 63. Ne3 Bh6 64. Qf1 Bd7 65. Nd1
Qxc2+ 66. Nb2 Bg7 67. Qb1 Qc3 68. Bb3 Kc7 69. Qc2 Qd4 70. Qe2 Be5 71. Bg8 Bg4
72. Qc2 Bf5 73. Qe2 b5 74. Bf7 Be4 75. Bg8 Kd6 76. Bf7 Bd5+ 77. Bxd5 cxd5 78.
Nd3 Qa1+ 79. Kb3 Qb1+ 0-1

[Event "Reykjavik op 21st"]
[Site "Reykjavik"]
[Date "2004.03.14"]
[Round "7"]
[White "Korneev, Oleg"]
[Black "Carlsen, Magnus"]
[Result "1-0"]
[WhiteElo "2566"]
[BlackElo "2484"]
[PlyCount "49"]
[EventDate "2004.03.07"]
[EventType "swiss"]
[EventRounds "9"]
[EventCountry "ISL"]

1. e4 c5 2. Nf3 d6 3. d4 cxd4 4. Nxd4 Nf6 5. Nc3 g6 6. Be3 Bg7 7. f3 Nc6 8. Qd2
O-O 9. O-O-O Bd7 10. g4 Rc8 11. Kb1 Ne5 12. Be2 b5 13. Ncxb5 a6 14. Nc3 Nc4 15.
Bxc4 Rxc4 16. b3 Qb8 17. Ka1 Rfc8 18. Nde2 Bxg4 19. e5 Bxf3 20. exf6 Bxf6 21.
Bd4 Bxd4 22. Nxd4 Bxh1 23. Rxh1 Qb7 24. Rg1 R4c5 25. Rg3 1-0

[Event "Reykjavik op 21st"]
[Site "Reykjavik"]
[Date "2004.03.10"]
[Round "4"]
[White "Carlsen, Magnus"]
[Black "Nataf, Igor Alexandre"]
[Result "0-1"]
[WhiteElo "2484"]
[BlackElo "2569"]
[PlyCount "96"]
[EventDate "2004.03.07"]
[EventType "swiss"]
[EventRounds "9"]
[EventCountry "ISL"]

1. e4 c5 2. Nf3 Nc6 3. Nc3 Nf6 4. Bb5 Qc7 5. Bxc6 dxc6 6. e5 Nd5 7. Ne4 Bg4 8.
O-O e6 9. c4 Nb4 10. d4 Rd8 11. Qb3 Bxf3 12. gxf3 Rxd4 13. Be3 Rd3 14. Qa4 Na6
15. Rad1 Rxd1 16. Rxd1 Qxe5 17. Qb3 Qc7 18. Qd3 Be7 19. Bf4 Qc8 20. Nd6+ Bxd6
21. Qxd6 f6 22. a3 Rf8 23. b4 cxb4 24. axb4 Rf7 25. b5 cxb5 26. cxb5 Nc5 27.
Rc1 b6 28. Be3 Rc7 29. Kg2 Kf7 30. Rc4 Qd7 31. Qg3 e5 32. Rg4 Kg8 33. Qh4 Ne6
34. Rg3 f5 35. Rh3 Nf8 36. Qb4 f4 37. Bd2 Qf7 38. Rh4 Rc4 39. Qb2 Rc5 40. Rg4
Ne6 41. Qb1 h5 42. Rg6 Rxb5 43. Qe4 Rd5 44. Qxd5 Qxg6+ 45. Kf1 Qb1+ 46. Kg2 Qf5
47. Bc3 Kh7 48. h4 Nf8 0-1

[Event "Moscow Aeroflot op-A"]
[Site "Moscow"]
[Date "2004.02.25"]
[Round "9"]
[White "Carlsen, Magnus"]
[Black "Rustemov, Alexander"]
[Result "1/2-1/2"]
[WhiteElo "2484"]
[BlackElo "2585"]
[PlyCount "44"]
[EventDate "2004.02.17"]
[EventType "swiss"]
[EventRounds "9"]
[EventCountry "RUS"]

1. e4 e6 2. d4 d5 3. e5 c5 4. c3 Qb6 5. Nf3 Bd7 6. a3 Bb5 7. b4 cxd4 8. Bxb5+
Qxb5 9. cxd4 Nd7 10. Nc3 Qc6 11. Na4 Ne7 12. Be3 Nb6 13. Nxb6 Qxb6 14. O-O Nf5
15. Rc1 Qd8 16. Qa4+ Qd7 17. Qa5 Be7 18. Rc7 b6 19. Rxd7 bxa5 20. Rb7 axb4 21.
axb4 O-O 22. g4 Nxe3 1/2-1/2

[Event "Moscow Aeroflot op-A"]
[Site "Moscow"]
[Date "2004.02.23"]
[Round "7"]
[White "Volokitin, Andrei"]
[Black "Carlsen, Magnus"]
[Result "1-0"]
[WhiteElo "2594"]
[BlackElo "2484"]
[PlyCount "55"]
[EventDate "2004.02.17"]
[EventType "swiss"]
[EventRounds "9"]
[EventCountry "RUS"]

1. e4 c5 2. Nf3 d6 3. d4 cxd4 4. Nxd4 Nf6 5. Nc3 a6 6. Bc4 b5 7. Bb3 e6 8. Qf3
Qc7 9. g4 b4 10. g5 Nfd7 11. Na4 Nc6 12. Be3 Na5 13. O-O-O Bb7 14. Bd2 Nxb3+
15. Qxb3 Be7 16. Bxb4 Bxe4 17. Rhe1 Bd5 18. Qg3 O-O 19. Nf5 exf5 20. Rxe7 Qc4
21. Qxd6 Be6 22. b3 Qh4 23. Rxe6 fxe6 24. Qxe6+ Kh8 25. Be7 Qxf2 26. Qxd7 Rfe8
27. Bc5 Qh4 28. Qxf5 1-0

[Event "Moscow Aeroflot op-A"]
[Site "Moscow"]
[Date "2004.02.21"]
[Round "5"]
[White "Berkes, Ferenc"]
[Black "Carlsen, Magnus"]
[Result "1-0"]
[WhiteElo "2602"]
[BlackElo "2484"]
[PlyCount "119"]
[EventDate "2004.02.17"]
[EventType "swiss"]
[EventRounds "9"]
[EventCountry "RUS"]

1. d4 Nf6 2. c4 g6 3. Nc3 Bg7 4. g3 O-O 5. Bg2 c6 6. e4 d6 7. Nge2 e5 8. d5
cxd5 9. cxd5 Bd7 10. O-O b5 11. a3 a5 12. Be3 Na6 13. b4 Ng4 14. Bd2 axb4 15.
axb4 f5 16. h3 Nf6 17. Qb3 Nh5 18. f3 Qb6+ 19. Kh2 Nc7 20. Rfc1 Nf6 21. Nd1
Rxa1 22. Rxa1 Ra8 23. Be3 Qb7 24. Rc1 Rc8 25. Ndc3 Na8 26. exf5 gxf5 27. f4 e4
28. Nd4 Nb6 29. Nc6 Nc4 30. Nxb5 Qxb5 31. Bf1 Bxc6 32. Bxc4 Bxd5 33. Bxd5+ Nxd5
34. Rxc8+ Kf7 35. Rc2 Ke6 36. Rc4 Kd7 37. Bf2 e3 38. Be1 Nb6 39. Rc2 Nd5 40.
Ra2 Bd4 41. Qc2 Nf6 42. Qa4 Qxa4 43. Rxa4 Bb6 44. Kg2 d5 45. Kf3 d4 46. Ke2 h5
47. Ra6 Kc6 48. Kd3 Kb5 49. Rxb6+ Kxb6 50. Kxd4 Kb5 51. Ke5 Ne4 52. Kxf5 Nd2
53. g4 Nf3 54. Bg3 h4 55. Ke4 Nd2+ 56. Kxe3 hxg3 57. h4 Kxb4 58. h5 Kc5 59. h6
Ne4 60. Kxe4 1-0

[Event "Moscow Aeroflot op-A"]
[Site "Moscow"]
[Date "2004.02.17"]
[Round "1"]
[White "Sulskis, Sarunas"]
[Black "Carlsen, Magnus"]
[Result "1-0"]
[WhiteElo "2582"]
[BlackElo "2484"]
[PlyCount "71"]
[EventDate "2004.02.17"]
[EventType "swiss"]
[EventRounds "9"]
[EventCountry "RUS"]

1. Nf3 Nf6 2. c4 g6 3. Nc3 Bg7 4. e4 O-O 5. d4 c6 6. Be2 d5 7. e5 Ne4 8. O-O
Nxc3 9. bxc3 dxc4 10. Bxc4 c5 11. h3 Nc6 12. Re1 cxd4 13. cxd4 Na5 14. Bd3 Be6
15. Be3 Rc8 16. Qd2 Bd5 17. Nh2 Nc4 18. Bxc4 Rxc4 19. Bh6 Bc6 20. Bxg7 Kxg7 21.
Ng4 Rxd4 22. Qg5 Qd5 23. f3 Rd2 24. Ne3 Qd4 25. Kh1 Bd7 26. Rad1 Rxd1 27. Rxd1
Qa4 28. Qxe7 Be6 29. Qf6+ Kg8 30. h4 h5 31. g4 hxg4 32. h5 Qc6 33. Rf1 Bd7 34.
Nd5 Kh7 35. hxg6+ fxg6 36. Qe7+ 1-0

[Event "Corus-C"]
[Site "Wijk aan Zee"]
[Date "2004.01.25"]
[Round "13"]
[White "Smeets, Jan"]
[Black "Carlsen, Magnus"]
[Result "1/2-1/2"]
[WhiteElo "2505"]
[BlackElo "2484"]
[PlyCount "64"]
[EventDate "2004.01.10"]
[EventType "tourn"]
[EventRounds "13"]
[EventCountry "NED"]
[EventCategory "9"]

1. e4 c5 2. Nf3 d6 3. d4 cxd4 4. Nxd4 Nf6 5. Nc3 g6 6. Be3 Bg7 7. f3 O-O 8. Qd2
Nc6 9. O-O-O Bd7 10. g4 Rc8 11. h4 Ne5 12. h5 Qa5 13. Be2 b5 14. Kb1 Rxc3 15.
Qxc3 Qxc3 16. bxc3 Rc8 17. hxg6 fxg6 18. Kb2 a5 19. Bh6 Bh8 20. Rhf1 Nc4+ 21.
Bxc4+ Rxc4 22. Rd3 Be8 23. Rb1 b4 24. Kc1 Nd7 25. Nb3 Bxc3 26. Nxa5 Rc8 27. Bd2
Ne5 28. Bxc3 Nxd3+ 29. cxd3 Rxc3+ 30. Kd2 Ra3 31. Nc4 Rxa2+ 32. Ke3 Bb5 1/2-1/2

[Event "Corus-C"]
[Site "Wijk aan Zee"]
[Date "2004.01.20"]
[Round "9"]
[White "Pavasovic, Dusko"]
[Black "Carlsen, Magnus"]
[Result "1-0"]
[WhiteElo "2615"]
[BlackElo "2484"]
[PlyCount "117"]
[EventDate "2004.01.10"]
[EventType "tourn"]
[EventRounds "13"]
[EventCountry "NED"]
[EventCategory "9"]

1. e4 e5 2. Nf3 Nc6 3. d4 exd4 4. Nxd4 Nf6 5. Nxc6 bxc6 6. e5 Qe7 7. Qe2 Nd5 8.
c4 Nb6 9. Nc3 Qe6 10. Qe4 d5 11. exd6 cxd6 12. Bd3 Qxe4+ 13. Bxe4 Bb7 14. b3 g6
15. Bb2 Bg7 16. O-O-O O-O-O 17. Bf3 c5 18. Nb5 Bxb2+ 19. Kxb2 Bxf3 20. gxf3 d5
21. cxd5 Nxd5 22. Rd2 a6 23. Rhd1 axb5 24. Rxd5 Rxd5 25. Rxd5 Kc7 26. Rxc5+ Kb6
27. Re5 b4 28. Re7 Rd8 29. Kc2 Ra8 30. Kb1 Rd8 31. Rxf7 Rd1+ 32. Kc2 Ra1 33.
Kd3 Rxa2 34. Kc4 Rxf2 35. h4 Ka5 36. Ra7+ Kb6 37. Rxh7 Rxf3 38. Kxb4 Rf4+ 39.
Ka3 Kb5 40. Rh8 Rg4 41. Rb8+ Ka5 42. Ra8+ Kb5 43. Ra4 Rg3 44. Re4 Rg2 45. Re5+
Kb6 46. Rg5 Rh2 47. Rxg6+ Kb5 48. Rg5+ Kb6 49. Rh5 Rg2 50. Ka4 Rf2 51. Rh6+ Kb7
52. b4 Rf5 53. h5 Re5 54. b5 Re1 55. Rf6 Ra1+ 56. Kb4 Rb1+ 57. Kc5 Rc1+ 58. Kd6
Kb6 59. Rf5 1-0

[Event "Corus-C"]
[Site "Wijk aan Zee"]
[Date "2004.01.17"]
[Round "6"]
[White "Carlsen, Magnus"]
[Black "Janssen, Ruud"]
[Result "1/2-1/2"]
[WhiteElo "2484"]
[BlackElo "2489"]
[PlyCount "117"]
[EventDate "2004.01.10"]
[EventType "tourn"]
[EventRounds "13"]
[EventCountry "NED"]
[EventCategory "9"]

1. d4 Nf6 2. c4 e6 3. Nc3 c5 4. d5 d6 5. Nf3 exd5 6. cxd5 g6 7. Bg5 h6 8. Bh4
g5 9. Bg3 Nh5 10. Nd2 Nxg3 11. hxg3 Bg7 12. Nc4 O-O 13. e4 a6 14. a4 Qe7 15.
Ne3 f5 16. exf5 Bxf5 17. g4 Bh7 18. Bd3 Bxd3 19. Qxd3 Nd7 20. Qc2 Rae8 21.
O-O-O Rxf2 22. Qxf2 Qxe3+ 23. Qxe3 Rxe3 24. Rhe1 Rxe1 25. Rxe1 Be5 26. Ne4 Nb6
27. Kb1 Nxa4 28. b3 Nb6 29. Nxc5 Nxd5 30. Nxb7 Kg7 31. Na5 Nf6 32. Nc4 Nxg4 33.
Nxe5 dxe5 34. Kc2 h5 35. Kd3 h4 36. Ke4 Kf6 37. Ra1 Nf2+ 38. Ke3 Ng4+ 39. Ke2
Kf5 40. Rxa6 Nf6 41. Rd6 g4 42. b4 h3 43. gxh3 gxh3 44. Kf1 e4 45. Rd8 Ke5 46.
b5 Nd5 47. Rh8 Kd4 48. Rxh3 Kc4 49. Rh5 Nb6 50. Kf2 Kb4 51. Ke3 Na4 52. Kd4 Nb6
53. Kxe4 Na4 54. Kd4 Nb6 55. Rg5 Na4 56. Rh5 Nb6 57. Rh7 Kxb5 58. Rc7 Na4 59.
Rc1 1/2-1/2

[Event "Corus-C"]
[Site "Wijk aan Zee"]
[Date "2004.01.10"]
[Round "1"]
[White "Carlsen, Magnus"]
[Black "Lahno, Kateryna"]
[Result "1/2-1/2"]
[WhiteElo "2484"]
[BlackElo "2493"]
[PlyCount "150"]
[EventDate "2004.01.10"]
[EventType "tourn"]
[EventRounds "13"]
[EventCountry "NED"]
[EventCategory "9"]

1. e4 d6 2. d4 Nf6 3. Nc3 g6 4. f4 Bg7 5. Nf3 O-O 6. Be3 b6 7. Qe2 Ba6 8. Qd2
Bb7 9. e5 Ng4 10. O-O-O dxe5 11. Nxe5 Nxe5 12. dxe5 Qxd2+ 13. Rxd2 Nc6 14. Be2
Bh6 15. Nd5 Rac8 16. Bf3 Ba8 17. Rhd1 Kh8 18. Kb1 e6 19. Nc3 Kg8 20. Re1 Rfd8
21. Rxd8+ Rxd8 22. Rd1 Rxd1+ 23. Nxd1 Bb7 24. Nc3 a6 25. b4 Nd8 26. Bxb7 Nxb7
27. Ne4 Bg7 28. c4 Kf8 29. Kc2 Ke7 30. g4 h6 31. Kd3 Kd7 32. h4 Nd8 33. b5 axb5
34. cxb5 Nb7 35. h5 gxh5 36. gxh5 Ke7 37. Bf2 f5 38. exf6+ Bxf6 39. a4 Kf7 40.
Be3 Bg7 41. Bf2 Bf6 42. Be1 Bg7 43. Bb4 Bb2 44. Ke3 Bg7 45. Kf3 Bd4 46. Kg4 Bg7
47. Bd2 Ke7 48. Be1 Kf7 49. Bd2 Ke7 50. f5 Nd8 51. f6+ Bxf6 52. Nxf6 Kxf6 53.
Bxh6 Nf7 54. Bf4 e5 55. Be3 Nd6 56. Bg5+ Ke6 57. Bd8 Kd7 58. Bf6 Ke6 59. Bh8
Nf5 60. Kg5 e4 61. Kf4 e3 62. Kf3 Kd5 63. Bf6 e2 64. Kxe2 Ng3+ 65. Kd3 Nxh5 66.
Bd8 Nf4+ 67. Kc3 Ne6 68. Bxc7 Nxc7 69. Kb4 Kd4 70. a5 Nd5+ 71. Kb3 bxa5 72. Ka4
Kc5 73. Kxa5 Nb6 74. Ka6 Nd7 75. b6 Nxb6 1/2-1/2

[Event "Budapest FS12 GM"]
[Site "Budapest"]
[Date "2003.12.18"]
[Round "13"]
[White "Antal, Gergely"]
[Black "Carlsen, Magnus"]
[Result "0-1"]
[WhiteElo "2473"]
[BlackElo "2450"]
[PlyCount "90"]
[EventDate "2003.12.06"]
[EventType "tourn"]
[EventRounds "13"]
[EventCountry "HUN"]
[EventCategory "8"]

1. e4 c5 2. Nf3 Nc6 3. d4 cxd4 4. Nxd4 Nf6 5. Nc3 e5 6. Ndb5 d6 7. Bg5 a6 8.
Na3 b5 9. Bxf6 gxf6 10. Nd5 Bg7 11. Bd3 Ne7 12. Nxe7 Qxe7 13. O-O O-O 14. c4 f5
15. Qf3 Re8 16. Rfe1 b4 17. Nc2 f4 18. Nxb4 Rb8 19. Nc6 Qg5 20. Nxb8 Bg4 21.
Qxg4 Qxg4 22. Nxa6 f3 23. g3 Bh6 24. Nc7 Rb8 25. Nd5 Bg5 26. b4 h5 27. a4 h4
28. Ra3 Kg7 29. Ne3 Bxe3 30. Rxe3 hxg3 31. fxg3 f5 32. Bf1 fxe4 33. b5 f2+ 34.
Kxf2 Qd1 35. Kg2 Rf8 36. Be2 Qe1 37. Rxe4 Rf2+ 38. Kh3 Qh1 39. Rg4+ Kf6 40.
Rf3+ Rxf3 41. Bxf3 Qxf3 42. Kh4 Qf5 43. Kh3 e4 44. b6 e3 45. b7 Qh7+ 0-1

[Event "Budapest FS12 GM"]
[Site "Budapest"]
[Date "2003.12.16"]
[Round "11"]
[White "Vajda, Levente"]
[Black "Carlsen, Magnus"]
[Result "1/2-1/2"]
[WhiteElo "2537"]
[BlackElo "2450"]
[PlyCount "68"]
[EventDate "2003.12.06"]
[EventType "tourn"]
[EventRounds "13"]
[EventCountry "HUN"]
[EventCategory "8"]

1. e4 c5 2. c3 d5 3. exd5 Qxd5 4. d4 g6 5. dxc5 Qxc5 6. Be3 Qc7 7. Na3 Nc6 8.
Nf3 Nf6 9. Qa4 Bg7 10. Nb5 Qd8 11. Nxa7 Bd7 12. Nxc6 Bxc6 13. Qd4 Qa5 14. Be2
O-O 15. O-O Nd5 16. Qd2 Rfd8 17. Bd4 Qc7 18. Bxg7 Kxg7 19. Rfe1 e5 20. Bf1 f6
21. Qc2 Nf4 22. Nd2 Qd7 23. Ne4 f5 24. Rad1 Qe7 25. Ng3 h5 26. Rxd8 Rxd8 27.
Qc1 Qg5 28. Qe3 h4 29. b4 e4 30. b5 Bd5 31. c4 Bf7 32. Ne2 Nxe2+ 33. Bxe2 Qxe3
34. fxe3 Rd2 1/2-1/2

[Event "Budapest FS12 GM"]
[Site "Budapest"]
[Date "2003.12.15"]
[Round "10"]
[White "Carlsen, Magnus"]
[Black "Grigore, George Gabriel"]
[Result "1/2-1/2"]
[WhiteElo "2450"]
[BlackElo "2485"]
[PlyCount "61"]
[EventDate "2003.12.06"]
[EventType "tourn"]
[EventRounds "13"]
[EventCountry "HUN"]
[EventCategory "8"]

1. e4 c5 2. Nf3 Nc6 3. d4 cxd4 4. Nxd4 e5 5. Nb5 d6 6. N1c3 a6 7. Na3 Be6 8.
Nc4 b5 9. Ne3 Nf6 10. g3 b4 11. Ncd5 Nxe4 12. Bg2 f5 13. O-O Be7 14. Nxf5 Bxf5
15. Ne3 Bg6 16. Qd5 Rc8 17. Bxe4 Bf7 18. Qd3 Nd4 19. Nd5 Rc5 20. c3 bxc3 21.
bxc3 Bxd5 22. cxd4 exd4 23. Bxd5 Rxd5 24. Re1 Re5 25. Bb2 Qa5 26. Rac1 O-O 27.
Qxd4 Qd5 28. Rcd1 Qxd4 29. Bxd4 Rxe1+ 30. Rxe1 Bf6 31. Bxf6 1/2-1/2

[Event "Budapest FS12 GM"]
[Site "Budapest"]
[Date "2003.12.14"]
[Round "9"]
[White "Carlsen, Magnus"]
[Black "Taylor, Timothy"]
[Result "1-0"]
[WhiteElo "2450"]
[BlackElo "2385"]
[PlyCount "77"]
[EventDate "2003.12.06"]
[EventType "tourn"]
[EventRounds "13"]
[EventCountry "HUN"]
[EventCategory "8"]

1. e4 c5 2. Nf3 d6 3. d4 cxd4 4. Nxd4 Nf6 5. Nc3 g6 6. Be3 Bg7 7. f3 O-O 8. Qd2
Nc6 9. O-O-O Bd7 10. g4 Qa5 11. Kb1 Rfc8 12. h4 Ne5 13. Be2 Nc4 14. Bxc4 Rxc4
15. h5 Rac8 16. Nb3 Qd8 17. hxg6 hxg6 18. e5 Nxg4 19. fxg4 Bxg4 20. Qh2 Bxe5
21. Qh7+ Kf8 22. Bd4 Rxd4 23. Rxd4 Bf5 24. Rd5 e6 25. Rxe5 dxe5 26. Qh8+ Ke7
27. Qxe5 Qd6 28. Qe3 Kf6 29. Nd2 Qe5 30. Nde4+ Bxe4 31. Nxe4+ Ke7 32. Qa3+ Kd7
33. Rd1+ Kc6 34. Qa4+ Kb6 35. Qb4+ Ka6 36. Rd3 b6 37. Nd6 Rc5 38. Ra3+ Ra5 39.
Qc4+ 1-0

[Event "Budapest FS12 GM"]
[Site "Budapest"]
[Date "2003.12.13"]
[Round "8"]
[White "Horvath, Peter"]
[Black "Carlsen, Magnus"]
[Result "1-0"]
[WhiteElo "2457"]
[BlackElo "2450"]
[PlyCount "99"]
[EventDate "2003.12.06"]
[EventType "tourn"]
[EventRounds "13"]
[EventCountry "HUN"]
[EventCategory "8"]

1. d4 f5 2. g3 Nf6 3. c4 g6 4. Bg2 Bg7 5. Nf3 O-O 6. Nc3 d6 7. d5 c6 8. O-O e5
9. dxe6 Bxe6 10. b3 Na6 11. Bb2 Qe7 12. Qc2 Rad8 13. Rad1 Nb4 14. Qc1 Ng4 15.
Nd4 Bf7 16. h3 Nf6 17. Rfe1 d5 18. a3 Na6 19. cxd5 Nxd5 20. e4 Nxc3 21. Bxc3
fxe4 22. Bxe4 Qc5 23. b4 Qh5 24. Bg2 Nc7 25. g4 Qh4 26. Nf3 Rxd1 27. Qxd1 Qd8
28. Qxd8 Rxd8 29. Bxg7 Kxg7 30. Re7 Rc8 31. Ng5 Kf6 32. Rxf7+ Kxg5 33. Rxh7 a5
34. Kh2 axb4 35. axb4 Ne6 36. Rxb7 c5 37. Rb6 Nd4 38. Rd6 Nb3 39. bxc5 Nxc5 40.
Kg3 Kh6 41. h4 Kg7 42. g5 Rb8 43. Bd5 Rb4 44. Rc6 Nd3 45. Rc7+ Kh8 46. f3 Nf4
47. Be4 Ne2+ 48. Kh3 Ng1+ 49. Kg4 Ne2 50. Rc6 1-0

[Event "Budapest FS12 GM"]
[Site "Budapest"]
[Date "2003.12.12"]
[Round "7"]
[White "Carlsen, Magnus"]
[Black "Porat, Shi"]
[Result "1/2-1/2"]
[WhiteElo "2450"]
[BlackElo "2360"]
[PlyCount "42"]
[EventDate "2003.12.06"]
[EventType "tourn"]
[EventRounds "13"]
[EventCountry "HUN"]
[EventCategory "8"]

1. e4 e6 2. d4 d5 3. e5 c5 4. c3 Nc6 5. Nf3 Nge7 6. Na3 cxd4 7. cxd4 Nf5 8. Nc2
Bd7 9. Bd3 Qb6 10. O-O a5 11. Rb1 Nb4 12. Nxb4 axb4 13. Kh1 Bb5 14. a3 h5 15.
Be3 Bxd3 16. Qxd3 Be7 17. Rfc1 O-O 18. axb4 Qxb4 19. Bd2 Qb6 20. g3 Rfc8 21.
Rc3 Qa6 1/2-1/2